000 00814nam a2200241Ia 4500
003 IN-BaIIA
008 211028s9999 xx 000 0 eng d
020 _a3-923524-41-2
040 _cIIA Library
080 _a083.8:524.5
_bACK
100 _aAcker, Agnes
_917980
245 0 _aStrasbourg-ESO catalogue of galactic planetary nebulae
_bpt. I
_cAgnes Acker…[et al.]
260 _aGermany
_bEuropean Southern Observatory
_c1992
300 _a295p
650 _aAstronomy and Astrophysics Thesaurus
650 _aPlanetary Nebuale-Catalogue
_917981
650 _aPLanetary Nebulae
_95510
700 _aMarcout, James
_917982
700 _aOchsenbein, Francois
_917983
700 _aSchohn, Constant
_917984
700 _aTylenda, Romuald
_917985
942 _cBK
999 _c10561
_d10561